[Event "Wuertemberg-ch Seniors 27th"]
[Site "Freudenstadt"]
[Date "2015.07.10"]
[Round "9"]
[White "Eppel, Werner"]
[Black "Luebbers, Doris"]
[Result "1/2-1/2"]
[WhiteElo "1788"]
[BlackElo "1527"]
[PlyCount "64"]
[EventDate "2015.07.03"]
[EventType "swiss"]
[EventRounds "9"]
[EventCountry "GER"]
[SourceTitle "EXT 2016"]
[Source "ChessBase"]
[SourceDate "2015.10.08"]
[SourceVersion "1"]
[SourceVersionDate "2015.10.08"]
[SourceQuality "1"]

1. d4 d5 2. c4 e6 3. Nc3 Nf6 4. Nf3 b6 5. e3 Bb7 6. Bd3 Be7 7. 0-0 0-0 8. Qe2 Nbd7 9. Bd2 c5 10. Rac1 Rc8 11. Rc2 Ne4 12. Rfc1 Ndf6 13. Be1 Qd7 14. Ne5 Qd8 15. cxd5 exd5 16. f3 Nxc3 17. bxc3 Nd7 18. Bf5 Rc7 19. Nxd7 Rxd7 20. Bxd7 Qxd7 21. e4 c4 22. e5 Qf5 23. Bg3 Bg5 24. Rf1 h5 25. f4 Be7 26. h3 Bc8 27. Rcc1 Qh7 28. Qc2 Qxc2 29. Rxc2 Ba3 30. f5 Bd7 31. Re2 Re8 32. Rfe1 Bxf5 1/2-1/2

[Event "GER-ch Seniors Gp-B 19th"]
[Site "Templin"]
[Date "2007.08.29"]
[Round "7"]
[White "Tessmer, Herbert"]
[Black "Eppel, Werner"]
[Result "1/2-1/2"]
[WhiteElo "1630"]
[BlackElo "1676"]
[PlyCount "32"]
[EventDate "2007.08.23"]
[EventType "swiss"]
[EventRounds "9"]
[EventCountry "GER"]
[SourceTitle "EXT 2022"]
[Source "ChessBase"]
[SourceDate "2021.10.06"]
[SourceVersion "1"]
[SourceVersionDate "2021.10.06"]
[SourceQuality "1"]

1. e4 c6 2. d4 d5 3. exd5 cxd5 4. c4 dxc4 5. Bxc4 e6 6. Nf3 Bb4+ 7. Bd2 Bxd2+ 8. Nbxd2 Nf6 9. 0-0 0-0 10. Nb3 b6 11. Qe2 Bb7 12. Rac1 Nbd7 13. Bb5 Rc8 14. Rxc8 Qxc8 15. Rc1 Qb8 16. Bd3 Rc8 1/2-1/2

[Event "GER-ch Seniors Gp-B 18th"]
[Site "Dresden"]
[Date "2006.07.22"]
[Round "1"]
[White "Polk, Maria"]
[Black "Eppel, Werner"]
[Result "0-1"]
[WhiteElo "1260"]
[BlackElo "1609"]
[PlyCount "64"]
[EventDate "2006.07.22"]
[EventType "swiss"]
[EventRounds "9"]
[EventCountry "GER"]
[SourceTitle "EXT 2022"]
[Source "ChessBase"]
[SourceDate "2021.10.06"]
[SourceVersion "1"]
[SourceVersionDate "2021.10.06"]
[SourceQuality "1"]

1. e4 c6 2. g3 e5 3. Bg2 Be7 4. Ne2 Nf6 5. 0-0 d6 6. d4 0-0 7. Nbc3 Nbd7 8. d5 cxd5 9. Nxd5 Nxd5 10. exd5 f5 11. f4 e4 12. Nd4 Nb6 13. Ne6 Bxe6 14. dxe6 Qc8 15. b3 Qxe6 16. Bb2 Rac8 17. Bd4 Rc6 18. Re1 d5 19. Bf1 Rfc8 20. Rc1 Ba3 21. Rb1 Rxc2 22. Be3 a6 23. Qd4 Bc5 24. Qa1 Bxe3+ 25. Rxe3 Qc6 26. h3 Qc5 27. Rbe1 d4 28. Bc4+ Nxc4 29. bxc4 dxe3 30. Kf1 e2+ 31. Rxe2 Qxc4 32. Qb1 Qxe2+ 0-1

[Event "Wuerttemberg-ch Seniors 15th"]
[Site "Ellwangen"]
[Date "2003.04.16"]
[Round "6"]
[White "Kleinwaechter, Matthias"]
[Black "Eppel, Werner"]
[Result "1-0"]
[WhiteElo "1982"]
[BlackElo "1682"]
[PlyCount "51"]
[EventDate "2003.04.??"]
[EventType "swiss"]
[EventRounds "9"]
[EventCountry "GER"]
[SourceTitle "EXT 2006"]
[Source "ChessBase"]
[SourceDate "2005.11.24"]
[SourceVersion "1"]
[SourceVersionDate "2005.11.24"]
[SourceQuality "1"]

1. e4 c6 2. d3 e5 3. Nf3 d6 4. d4 Bg4 5. Be2 Nd7 6. b3 Be7 7. Bb2 Bxf3 8. Bxf3 exd4 9. Bxd4 Bf6 10. 0-0 Qc7 11. Na3 Ne5 12. Be2 Ng6 13. Nc4 0-0-0 14. Bxa7 b5 15. Bg4+ Kb7 16. Bb6 Qb8 17. Bxd8 Bxa1 18. Nxd6+ Ka8 19. Nxf7 Nh6 20. Nxh8 Nxg4 21. Qxg4 Ne5 22. Qg5 Bc3 23. Rd1 Qc8 24. Qf5 Qb7 25. f4 Qa7+ 26. Kh1 1-0

[Event "Wuerttemberg-ch Seniors 15th"]
[Site "Ellwangen"]
[Date "2003.04.14"]
[Round "4"]
[White "Simon, Eberhard"]
[Black "Eppel, Werner"]
[Result "1/2-1/2"]
[WhiteElo "1817"]
[BlackElo "1682"]
[PlyCount "42"]
[EventDate "2003.04.??"]
[EventType "swiss"]
[EventRounds "9"]
[EventCountry "GER"]
[SourceTitle "EXT 2006"]
[Source "ChessBase"]
[SourceDate "2005.11.24"]
[SourceVersion "1"]
[SourceVersionDate "2005.11.24"]
[SourceQuality "1"]

1. e4 c6 2. d4 d5 3. e5 Bf5 4. g4 Bd7 5. c4 e6 6. Nc3 Bb4 7. a3 Bxc3+ 8. bxc3 b6 9. Nf3 g6 10. Bg5 Qc7 11. Qc2 Bc8 12. Bd3 Ba6 13. Nd2 h6 14. Bh4 g5 15. Bg3 Ne7 16. h4 Rg8 17. hxg5 hxg5 18. Rh7 Nd7 19. Ke2 Nf8 20. Rh6 Neg6 21. Rah1 0-0-0 1/2-1/2

[Event "Wuerttemberg-ch Seniors 15th"]
[Site "Ellwangen"]
[Date "2003.04.13"]
[Round "3"]
[White "Eppel, Werner"]
[Black "Detmer, Herbert"]
[Result "1-0"]
[WhiteElo "1682"]
[BlackElo "1448"]
[PlyCount "124"]
[EventDate "2003.04.??"]
[EventType "swiss"]
[EventRounds "9"]
[EventCountry "GER"]
[SourceTitle "EXT 2006"]
[Source "ChessBase"]
[SourceDate "2005.11.24"]
[SourceVersion "1"]
[SourceVersionDate "2005.11.24"]
[SourceQuality "1"]

1. d4 d5 2. c4 e6 3. Nc3 Bb4 4. e3 c5 5. Nf3 Nc6 6. a3 Bxc3+ 7. bxc3 b6 8. Bd3 dxc4 9. Bxc4 Nf6 10. 0-0 Ne4 11. Qd3 Nd6 12. Ba2 Nb7 13. Bb2 0-0 14. Rad1 Qe7 15. Bb1 f5 16. Qc2 c4 17. Bc1 Nba5 18. Nd2 Bb7 19. Qa2 b5 20. e4 Qf6 21. e5 Qg6 22. g3 Qg4 23. f3 Qh3 24. Rf2 Ne7 25. Nf1 Nd5 26. Qb2 a6 27. Ne3 Nb3 28. Nxd5 Bxd5 29. Rdf1 Nxc1 30. Qxc1 Qh5 31. Bc2 g5 32. Bd1 Qg6 33. Bc2 h6 34. g4 Qe8 35. Qb1 Qd7 36. h3 Rf7 37. f4 Raf8 38. gxf5 exf5 39. fxg5 hxg5 40. Bxf5 Qe7 41. Qb4 Qxb4 42. axb4 Kg7 43. Bg4 Rf4 44. Rxf4 gxf4 45. Kf2 Kg6 46. Rg1 Kf7 47. Bh5+ Ke7 48. Rg7+ Bf7 49. Rxf7+ Rxf7 50. Bxf7 Kxf7 51. Kf3 Ke6 52. Kxf4 a5 53. bxa5 b4 54. a6 b3 55. a7 b2 56. a8Q b1Q 57. Qc6+ Ke7 58. Qf6+ Kd7 59. e6+ Kc7 60. Qe5+ Kb7 61. Qd5+ Ka6 62. Qxc4+ Ka7 1-0

[Event "Wuerttemberg-ch Seniors 14th"]
[Site "Ellwangen"]
[Date "2002.??.??"]
[Round "7"]
[White "Eppel, Werner"]
[Black "Koenig, Gerd"]
[Result "1/2-1/2"]
[WhiteElo "1636"]
[BlackElo "1735"]
[PlyCount "32"]
[EventDate "2002.03.30"]
[EventType "swiss"]
[EventRounds "9"]
[EventCountry "GER"]
[SourceTitle "EXT 2006"]
[Source "ChessBase"]
[SourceDate "2005.11.24"]
[SourceVersion "1"]
[SourceVersionDate "2005.11.24"]
[SourceQuality "1"]

1. d4 Nf6 2. c4 e5 3. e3 exd4 4. exd4 d5 5. c5 Be7 6. Bd3 Nbd7 7. Nf3 Ne4 8. Be3 0-0 9. Qb3 c6 10. Nbd2 Nxd2 11. Bxd2 Qc7 12. 0-0 Nf6 13. Qc2 g6 14. b4 a6 15. Rfe1 Be6 16. Ne5 Rfe8 1/2-1/2

[Event "Wuerttemberg-ch Seniors 13th"]
[Site "Ellwangen"]
[Date "2001.??.??"]
[Round "2"]
[White "Eppel, Werner"]
[Black "Mack, Guenther"]
[Result "1-0"]
[WhiteElo "1702"]
[BlackElo "1668"]
[PlyCount "59"]
[EventDate "2001.04.??"]
[EventType "swiss"]
[EventRounds "9"]
[EventCountry "GER"]
[SourceTitle "EXT 2006"]
[Source "ChessBase"]
[SourceDate "2005.11.24"]
[SourceVersion "1"]
[SourceVersionDate "2005.11.24"]
[SourceQuality "1"]

1. d4 Nf6 2. Nf3 c5 3. c3 cxd4 4. cxd4 d5 5. Nc3 e6 6. Bg5 Be7 7. e3 Nc6 8. Rc1 a6 9. Bd3 h6 10. Bh4 Bd7 11. 0-0 0-0 12. Bb1 Rc8 13. Qd2 b5 14. a3 Ne8 15. Bxe7 Qxe7 16. e4 Nf6 17. e5 Ne8 18. Qd3 f5 19. exf6 Nxf6 20. Ne5 Be8 21. Rfe1 Qa7 22. Nxc6 Rxc6 23. h3 Qf7 24. f3 g6 25. Ne2 Kg7 26. Nf4 Rxc1 27. Rxc1 g5 28. Rc7 Bd7 29. Ng6 Re8 30. Ne5 1-0

[Event "Wuerttemberg-ch Seniors 13th"]
[Site "Ellwangen"]
[Date "2001.??.??"]
[Round "6"]
[White "Frey, Walter"]
[Black "Eppel, Werner"]
[Result "1-0"]
[WhiteElo "1802"]
[BlackElo "1702"]
[PlyCount "117"]
[EventDate "2001.04.??"]
[EventType "swiss"]
[EventRounds "9"]
[EventCountry "GER"]
[SourceTitle "EXT 2006"]
[Source "ChessBase"]
[SourceDate "2005.11.24"]
[SourceVersion "1"]
[SourceVersionDate "2005.11.24"]
[SourceQuality "1"]

1. c4 d5 2. cxd5 Qxd5 3. Nc3 Qd8 4. Nf3 Nc6 5. d4 e6 6. e4 Bb4 7. Be3 Nf6 8. Bd3 Ba5 9. 0-0 Bb6 10. Bb1 Ne7 11. Na4 c6 12. Nxb6 axb6 13. b4 b5 14. Qd3 Ng6 15. Bc2 Qc7 16. Bb3 Ng4 17. Bg5 h6 18. Bd2 Nh4 19. g3 Nxf3+ 20. Qxf3 Nf6 21. Rac1 Qe7 22. Rfe1 Qd8 23. Bc3 0-0 24. Rc2 Nh7 25. Rd2 Qf6 26. Qe3 Qg5 27. f4 Qh5 28. e5 g5 29. Bd1 g4 30. h3 Qg6 31. hxg4 Ra3 32. Qf3 f5 33. gxf5 exf5 34. Bb3+ Be6 35. d5 cxd5 36. Bxd5 Bxd5 37. Qxd5+ Rf7 38. e6 Rxc3 39. exf7+ Qxf7 40. Qxf7+ Kxf7 41. Rd7+ Kg6 42. Kf2 Rc6 43. Rxb7 Nf6 44. Rxb5 Ne4+ 45. Rxe4 fxe4 46. a4 Rc3 47. Re5 Rc4 48. Rb5 Rc3 49. a5 h5 50. Rg5+ Kh6 51. a6 Rf3+ 52. Ke2 h4 53. gxh4 Rxf4 54. a7 Rf8 55. b5 Ra8 56. b6 e3 57. b7 Rxa7 58. b8Q Ra2+ 59. Kf3 1-0

[Event "Wuerttemberg-ch Seniors 12th"]
[Site "Ellwangen"]
[Date "2000.??.??"]
[Round "3"]
[White "Eppel, Werner"]
[Black "Pietruske, Siegfried"]
[Result "1/2-1/2"]
[WhiteElo "1695"]
[BlackElo "1915"]
[PlyCount "88"]
[EventDate "2000.04.??"]
[EventType "swiss"]
[EventRounds "9"]
[EventCountry "GER"]
[SourceTitle "EXT 2006"]
[Source "ChessBase"]
[SourceDate "2005.11.24"]
[SourceVersion "1"]
[SourceVersionDate "2005.11.24"]
[SourceQuality "1"]

1. d4 e6 2. c4 f5 3. Nf3 Nf6 4. Nc3 Bb4 5. Bg5 Bxc3+ 6. bxc3 h6 7. Bxf6 Qxf6 8. e3 0-0 9. Bd3 d6 10. Bc2 c5 11. Qd2 b6 12. 0-0 Ba6 13. Bb3 Nc6 14. Qe2 Na5 15. Nd2 d5 16. Rfe1 Rac8 17. Rac1 e5 18. Nf3 cxd4 19. exd4 exd4 20. Nxd4 Bxc4 21. Qe6+ Qxe6 22. Rxe6 Kf7 23. Rce1 Bxb3 24. axb3 Kg8 25. b4 Nc4 26. Nc6 Rc7 27. Ne7+ Kh7 28. Nxd5 Rd7 29. Nf4 Rfd8 30. h4 Nd6 31. f3 Nb5 32. Re7 Nxc3 33. Rxd7 Rxd7 34. Ne6 Kg8 35. Ra1 Rd1+ 36. Rxd1 Nxd1 37. Nc7 Nc3 38. Kf2 f4 39. Ke1 a5 40. bxa5 bxa5 41. Kd2 Na4 42. Nd5 Kf7 43. Nxf4 g5 44. hxg5 hxg5 1/2-1/2

[Event "Wuerttemberg-ch Seniors 12th"]
[Site "Ellwangen"]
[Date "2000.??.??"]
[Round "7"]
[White "Eppel, Werner"]
[Black "Schewe, Hans"]
[Result "1/2-1/2"]
[WhiteElo "1695"]
[BlackElo "1670"]
[PlyCount "78"]
[EventDate "2000.04.??"]
[EventType "swiss"]
[EventRounds "9"]
[EventCountry "GER"]
[SourceTitle "EXT 2006"]
[Source "ChessBase"]
[SourceDate "2005.11.24"]
[SourceVersion "1"]
[SourceVersionDate "2005.11.24"]
[SourceQuality "1"]

1. d4 Nf6 2. c4 e6 3. Nc3 Bb4 4. Bd2 0-0 5. e3 d5 6. Bd3 a6 7. Nf3 Re8 8. 0-0 dxc4 9. Bxc4 b5 10. Be2 Bb7 11. Rc1 Nbd7 12. a3 Bd6 13. Bd3 c5 14. dxc5 Nxc5 15. Bb1 e5 16. b4 Ne6 17. Bf5 g6 18. Bxe6 Rxe6 19. Ng5 Re7 20. e4 h6 21. Nf3 Kg7 22. Re1 Rc8 23. h3 Rc4 24. Nd5 Nxd5 25. exd5 Qc7 26. Be3 a5 27. Qd2 g5 28. Rxc4 bxc4 29. Rc1 f6 30. h4 axb4 31. axb4 Ba6 32. hxg5 hxg5 33. Qc3 Qc8 34. Nd2 Rb7 35. Bc5 Bxc5 36. bxc5 Qxc5 37. Nxc4 Qxd5 38. Ne3 Qe6 39. Qc2 Qd6 1/2-1/2

[Event "Wuerttemberg-ch Seniors 10th"]
[Site "Ellwangen"]
[Date "1998.??.??"]
[Round "8"]
[White "Eppel, Werner"]
[Black "Schuler, Georg"]
[Result "0-1"]
[WhiteElo "1593"]
[BlackElo "1936"]
[PlyCount "28"]
[EventDate "1998.04.??"]
[EventType "swiss"]
[EventRounds "9"]
[EventCountry "GER"]
[SourceTitle "EXT 2006"]
[Source "ChessBase"]
[SourceDate "2005.11.24"]
[SourceVersion "1"]
[SourceVersionDate "2005.11.24"]
[SourceQuality "1"]

1. d4 Nf6 2. Nf3 g6 3. c4 Bg7 4. Nc3 0-0 5. g3 c5 6. e3 d6 7. Bg2 Nbd7 8. 0-0 Rb8 9. d5 a6 10. Qe2 b5 11. Bd2 bxc4 12. e4 Rxb2 13. Qxc4 Ng4 14. Rfb1 Nge5 0-1